00321nam a2200121Ia 4500008004100000041000800041082001200049100001800061245004500079260003400124300003000158365001100188240624s9999 xx 000 0 und d aeng a823 BHA aBHAGAT CHETAN aFIVE POINT SOMEONE WHAT NOT TO DO AT IIT c2007aNew DelhibRupa Company axi, : 270 : p. : cm. ; 21 cRSb20